| LEADER |
00920nam0a2200205 450 |
| 001 |
16866094 |
| 010 |
|
|
|a 978-2-8112-1300-8Â
|b br.Â
|d 18,2 €Â
|
| 100 |
|
|
|a 20141009d2014 u u0frey01 baÂ
|
| 101 |
1 |
|
|a freÂ
|c freÂ
|
| 102 |
|
|
|a FRÂ
|
| 200 |
0 |
|
|a Jamais deux sans toiÂ
|f Jojo MoyesÂ
|g Traduit de l'anglais (Grande-Bretagne) par Alix PaupyÂ
|
| 207 |
|
1 |
|a Â
|
| 210 |
|
|
|a ParisÂ
|c MiladyÂ
|d 2014Â
|
| 215 |
|
|
|a 1 vol. (479 p.)Â
|d 22 x 15 cmÂ
|
| 330 |
|
|
|a Jess élève seule ses deux enfants, peinant à arrondir ses fins de mois. Sa fille a un don pour les mathématiques mais elle manque de soutien pour l'exploiter. Son fils est, quant à lui, victime de harcèlement au collège. Ed, fuyant un avenir incertain, voudrait leur venir en aide.Â
|
| 608 |
|
|
|a Roman anglaisÂ
|
| 700 |
|
0 |
|a MoyesÂ
|b JojoÂ
|4Â 70Â
|
| 900 |
|
|
|a RomanÂ
|
| 901 |
|
|
|a AdultesÂ
|
| 995 |
|
|
|a MédiathèqueÂ
|c MédiathèqueÂ
|f 00156011020013Â
|h 00156011020013Â
|k R MOYÂ
|o pÂ
|q aÂ
|r azÂ
|e MédiathèqueÂ
|